000 01060nmc a2200325 a 4500
003 AR-BaBNM
005 20251128204852.0
008 011101s1995 ||||||||||||||000 | spa||
020 _a950-99350-6-9
040 _cAR-BaBNM
100 1 _aTaquini, Alberto Carlos
_chijo
245 1 0 _aColegios universitarios
_buna estrategia para la educación superior
250 _a1ª ed.
260 _aBuenos Aires
_bAcademia Nacional de Educación
_c1995
300 0 _a123 p.
_bgráfs.
490 0 _aEstudios
_vv. 6
500 0 _aContiene anexo documental y estadístico de la Ley de Educación Superior
504 _aBibliografía en inglés y español p. 117-123
650 4 _aCALIDAD DE LA EDUCACION
650 4 _aENSENANZA UNIVERSITARIA
650 4 _aINSTITUTOS UNIVERSITARIOS
650 4 _aEXTENSION UNIVERSITARIA
653 _aEDUCACION SUPERIOR
653 _aFINANCIAMIENTO EDUCATIVO
653 _aESTRATEGIAS EDUCATIVAS
800 1 _aAgulla, Juan Carlos
800 1 _aSalonia, Antonio Francisco
_ecoordinador
942 _cBK
998 _cCarmen
999 _c9114
_d9114